000
00323nam a2200145Ia 4500
008
230917s9999||||xx |||||||||||||| ||und||
040
_e
51349
_a
MAIN
041
_a
English
082
_a
412 O5P
100
_a
Corner, J D O
245
0
_a
Phonetics
260
_a
England
_b
Penguin
_c
1973
300
_a
314 p.
942
_c
BK
999
_c
191477
_d
191477